Censos nacionales de 1973. Vivienda: Area Metropolitana

Salvato in:
Dettagli Bibliografici
Ente Autore: Costa Rica. Ministerio de Economía, Industria y Comercio. Dirección General de Estadística y Censos
Natura: testo
Pubblicazione: San José: MEIC. DGEC. Sección de Publicaciones
Tags: Aggiungi Tag
Nessun Tag, puoi essere il primo ad aggiungerne!!

MARC

LEADER 00000 a a2200000 04500
001 17526
003
040
090 |a 1001 CR8375c 1973 T.8  
110 |a Costa Rica. Ministerio de Economía, Industria y Comercio. Dirección General de Estadística y Censos  
245 |a Censos nacionales de 1973. Vivienda: Area Metropolitana  
260 |a San José:   |b MEIC. DGEC. Sección de Publicaciones  
300 |a 65 p  
999 |c 12710  |d 12710